Precision refurbishment of buildings (Record no. 80587)
[ view plain ]
| 000 -LEADER | |
|---|---|
| fixed length control field | 01285cab a22001935a 4500 |
| 001 - CONTROL NUMBER | |
| control field | L144788 |
| 008 - FIXED-LENGTH DATA ELEMENTS--GENERAL INFORMATION | |
| fixed length control field | 080811e2008 fi e f u 000 0 eng d |
| 035 ## - SYSTEM CONTROL NUMBER | |
| System control number | (Sirsi) u144788 |
| 041 0# - LANGUAGE CODE | |
| Language code of text/sound track or separate title | eng |
| 100 1# - MAIN ENTRY--PERSONAL NAME | |
| Personal name | Saari, Arto |
| 245 00 - TITLE STATEMENT | |
| Title | Precision refurbishment of buildings |
| Remainder of title | a facade refurbishment case study |
| 260 ## - PUBLICATION, DISTRIBUTION, ETC. | |
| Date of publication, distribution, etc. | 2008 |
| 490 ## - SERIES STATEMENT | |
| Series statement | Structural Survey |
| Volume/sequential designation | 26(2), 2008, p. 108-119(12) |
| 520 ## - SUMMARY, ETC. | |
| Summary, etc. | Presents a systematic refurbishment design procedure and the way of presenting design documents to allow precise refurbishment and preserve existing structures and their components parts. Develops how to produce refurbishment design documents allowing detailed specifications for the refurbishment project. Shows that the findings of this research paper are that a detailed analysis of the structure is necessary to establish a precise refurbishment procedure. Suggests that with a detailed refurbishment design included in the contract, the intentions of the client are very clear and conflicts between the contractor and the client are reduced. Concludes that it also allows to link the contractor payment instalments to completion of part of different elements of the refurbishment. |
| 590 ## - LOCAL NOTE (RLIN) | |
| Local note | KA |
| 651 #4 - SUBJECT ADDED ENTRY--GEOGRAPHIC NAME | |
| Geographic name | International |
| 690 ## - LOCAL SUBJECT ADDED ENTRY--TOPICAL TERM (OCLC, RLIN) | |
| Topical term or geographic name as entry element | Refurbishment |
| 9 (RLIN) | 6264 |
| 942 ## - ADDED ENTRY ELEMENTS (KOHA) | |
| Suppress in OPAC | 0 |
| Withdrawn status | Lost status | Source of classification or shelving scheme | Damaged status | Not for loan | Home library | Current library | Shelving location | Date acquired | Total Checkouts | Full call number | Barcode | Date last seen | Copy number | Price effective from | Koha item type |
|---|---|---|---|---|---|---|---|---|---|---|---|---|---|---|---|
| Dewey Decimal Classification | London | London | Journal article | 11/08/2008 | L144788 | 144788-1001 | 06/08/2019 | 1 | 06/08/2019 | Journal article |